Αρχαία ελληνικά θέατρα : 2.500 χρόνια φως και πνεύμα = Ancient hellenic theatres : 2.500 years of light and culture

Αποθηκεύτηκε σε:
Λεπτομέρειες βιβλιογραφικής εγγραφής
Άλλοι συγγραφείς: Μάξιμος, Πλάτων, 1941- (Φωτογράφος)
Μορφή: Βιβλίο
Γλώσσα:Greek
Δημοσίευση: [χ.τ.] : [χ.ε.], 2000.
Θέματα:
Ετικέτες: Προσθήκη ετικέτας
Δεν υπάρχουν, Καταχωρήστε ετικέτα πρώτοι!

MARC

LEADER 00000cam a2200000 i 4500
001 1/44155
008 031031s2000####gr | | ||| |||| ||gre||
020 |a 9609113508  
035 |l 10071494 
040 |a GR-MY-UA  |b gre  |e aacr 
041 0 |a gre 
082 0 |a 722.8   |2 (21)  
100 1 |a Μάξιμος, Πλάτων,   |d 1941-  |e pht 
245 1 0 |a Αρχαία ελληνικά θέατρα :   |b 2.500 χρόνια φως και πνεύμα = Ancient hellenic theatres : 2.500 years of light and culture /   |c Πλάτων Μάξιμος.  
246 1 |i Παράλληλος τίτλος:   |a Ancient hellenic theatres :   |b 2.500 years of light and culture  
260 |a [χ.τ.] :   |b [χ.ε.],   |c 2000.  
300 |a ποικ. αριθμ.;   |b εικ.;   |c 29 εκ.  
650 0 0 |a Architecture, Classical  |z Greece. 
650 0 0 |a Theaters  |z Greece. 
650 0 0 |a Theater architecture, Hellenistic. 
852 |a INST  |b LESVOS  |e 20031031  |h 722.8 ΜΑΞ  |p 005100024775  |q 005100024775  |t BK  |y 0 
901 |a BIBL1-2003-3 
909 |a Λ  |b 105432 
970 |a ΤΖΑΦΕΡΗ  |b ΕΥΑΓΓΕΛΙΑ  |z 2003/10/31